书目信息 |
| 题名: |
晋宋社会文化史论
|
|
| 作者: | 王永平 著 | |
| 分册: | ||
| 出版信息: | 北京 社会科学文献出版社 2018 |
|
| 页数: | 288页 | |
| 开本: | 24cm | |
| 丛书名: | 优势丛书 | |
| 单 册: | ||
| 中图分类: | K235.03 | |
| 科图分类: | ||
| 主题词: | 文化史--研究--中国--魏晋南北朝时代 | |
| 电子资源: | ||
| ISBN: | 978-7-5201-2423-2 | |
| 000 | 01006oam2 2200265 450 | |
| 001 | 012001000811 | |
| 005 | 20180920145308.12 | |
| 010 | @a978-7-5201-2423-2@dCNY78.00 | |
| 100 | @a20180612d2018 em y0chiy50 ea | |
| 101 | 0 | @achi |
| 102 | @aCN@b110000 | |
| 105 | @ay z 000yy | |
| 106 | @ar | |
| 200 | 1 | @a晋宋社会文化史论@9Jin Song She Hui Wen Hua Shi Lun@dHistory of social in the Jin and Song Dynasties@f王永平著@zeng |
| 210 | @a北京@c社会科学文献出版社@d2018 | |
| 215 | @a288页@d24cm | |
| 225 | 1 | @a优势丛书 |
| 330 | @a本书共分为十章,内容包括:西晋时期士风之任诞及对其批判与反省思潮、东晋时期对玄化任诞士风的反省与批判思潮、晋宋之际谯国戴氏家族之门风与文化——以东晋隐逸名士代表戴逵为中心的研究等。 | |
| 461 | 0 | @12001 @a优势丛书 |
| 510 | 1 | @aHistory of social in the Jin and Song Dynasties@zeng |
| 606 | 0 | @a文化史@x研究@y中国@z魏晋南北朝时代 |
| 690 | @aK235.03@v5 | |
| 701 | 0 | @a王永平@9Wang Yong Ping@4著 |
| 801 | 0 | @aCN@b上海新华@c20180901 |
| 905 | @b1151237-41@dK235.03@e103@f5 | |
| 晋宋社会文化史论=History of social in the Jin and Song Dynasties/王永平著.-北京:社会科学文献出版社,2018 |
| 288页;24cm.-(优势丛书) |
| ISBN 978-7-5201-2423-2:CNY78.00 |
| 本书共分为十章,内容包括:西晋时期士风之任诞及对其批判与反省思潮、东晋时期对玄化任诞士风的反省与批判思潮、晋宋之际谯国戴氏家族之门风与文化——以东晋隐逸名士代表戴逵为中心的研究等。 |
| ● |
| 相关链接 |
|
|
|
|
正题名:晋宋社会文化史论
索取号:K235.03/103
 
预约/预借
| 序号 | 登录号 | 条形码 | 馆藏地/架位号 | 状态 | 备注 |
| 1 | 1151237 | 211512371 | 第二样本阅览室/ [索取号:K235.03/103] | 在馆 | |
| 2 | 1151238 | 211512380 | 密集书库-史法系/ [索取号:K235.03/103] | 在馆 | |
| 3 | 1151239 | 211512399 | 第二借阅区/ [索取号:K235.03/103] | 在馆 | |
| 4 | 1151240 | 211512406 | 第二借阅区/ [索取号:K235.03/103] | 在馆 | |
| 5 | 1151241 | 211512415 | 第二借阅区/ [索取号:K235.03/103] | 在馆 |